Alphabetical Cities (Europe) Quiz Stats

 Plays Quiz Updated Jun 1, 2020

Support Sporcle.
Go Orange.
Score 0/120 Timer 15:00
10 Plays Today
Letter City % Correct
LLondon, UK
95%
PParis, France
92.4%
BBerlin, Germany
91.4%
MMadrid, Spain
88%
RRome, Italy
87.7%
MMoscow, Russia
83.3%
AAmsterdam, Netherlands
82.4%
AAthens, Greece
81.3%
BBarcelona, Spain
81.3%
OOslo, Norway
80.4%
LLiverpool, UK
76.9%
WWarsaw, Poland
76.1%
VVienna, Austria
74%
SStockholm, Sweden
72.7%
MMunich, Germany
70.7%
CCopenhagen, Denmark
70.6%
HHelsinki, Finland
69.5%
MMilan, Italy
69.1%
IIstanbul, Turkey
67.2%
PPrague, Czechia
67%
BBudapest, Hungary
66.7%
SSt. Petersburg, Russia
66.3%
KKyiv, Ukraine
65.1%
AAstrakhan, Russia
58.3%
FFrankfurt, Germany
57.7%
HHamburg, Germany
57.6%
ZZürich, Switzerland
57.2%
BBucharest, Romania
56.9%
NNaples, Italy
56.8%
GGlasgow, UK
56.5%
ZZagreb, Croatia
53.9%
EEdinburgh, UK
53.6%
MMinsk, Belarus
48.5%
FFlorence, Italy
48.3%
RRiga, Latvia
47.8%
TTurin, Italy
47.4%
SSofia, Bulgaria
47.3%
CCologne, Germany
42.3%
BBelgrade, Serbia
42%
DDüsseldorf, Germany
38.5%
Letter City % Correct
RRotterdam, Netherlands
37.9%
VValencia, Spain
37.3%
KKraków, Poland
31.5%
DDortmund, Germany
28%
VVilnius, Lithuania
26.8%
EEssen, Germany
25.3%
CCoventry, UK
25.3%
PPalermo, Italy
24.6%
GGenoa, Italy
24%
AAntwerp, Belgium
23.8%
OOdessa, Ukraine
23.7%
TToulouse, France
22.9%
HHanover, Germany
22.4%
DDublin, Ireland
21.4%
CChişinău, Moldova
20.2%
GGothenburg, Sweden
19.3%
IIvanovo, Russia
18.6%
TThessaloniki, Greece
18.4%
LLeipzig, Germany
17.4%
YYork, UK
16.9%
LŁódź, Poland
16.7%
NNuremberg, Germany
16.7%
OOstrava, Czechia
15.5%
ZZaragoza, Spain
15.3%
DDonetsk, Ukraine
15.2%
UUtrecht, Netherlands
14.8%
VVolgograd, Russia
14.8%
KKharkov, Ukraine
12.9%
HThe Hague, Netherlands
12.5%
WWrocław, Poland
12.2%
KKazan, Russia
12.1%
NNizhny Novgorod, Russia
11.3%
LLviv, Ukraine
11.1%
RRostov-on-Don, Russia
10.6%
SSamara, Russia
10.5%
PPoznań, Poland
10.4%
YYevpatoria, Ukraine
10.4%
UUfa, Russia
10.3%
PPerm, Russia
9.7%
DDnipro, Ukraine
9.7%
Letter City % Correct
GGdańsk, Poland
9.4%
CCheboksary, Russia
8.4%
UUppsala, Sweden
7.6%
JJena, Germany
7.2%
NNice, France
7.2%
FFreiburg im Breisgau, Germany
6.6%
WWolverhampton, UK
6.3%
AArkhangelsk, Russia
6.1%
WWuppertal, Germany
6%
YYessentuki, Russia
5.9%
SSaratov, Russia
5.5%
EEindhoven, Netherlands
5.5%
IIași, Romania
5.2%
KKrasnodar, Russia
5.1%
YYaroslavl, Russia
4.9%
JJerez de la Frontera, Spain
4.9%
GGomel, Belarus
4.8%
WWiesbaden, Germany
4.8%
EEspoo, Finland
4.8%
VVoronezh, Russia
4.7%
JJaén, Spain
4.5%
UUmeå, Sweden
3.7%
FFoggia, Italy
3.7%
TTula, Russia
3.7%
TTolyatti, Russia
3.7%
OOrenburg, Russia
3.6%
RRyazan, Russia
3.4%
UUlyanovsk, Russia
3.3%
IIzhevsk, Russia
3%
EElche, Spain
2.8%
JJyväskylä, Finland
2.6%
JJönköping, Sweden
2.6%
OOryol, Russia
2.3%
ZZaporizhia, Ukraine
2.3%
FFuenlabrada, Spain
2.1%
HHorlivka, Ukraine
1.9%
IIvano-Frankivsk, Ukraine
1.8%
ZZhytomyr, Ukraine
1.8%
NNaberezhnye Chelny, Russia
1.6%
YYoshkar-Ola, Russia
1.5%

You're not logged in!

Compare scores with friends on all Sporcle quizzes.
OR
Log In

From the Vault

Super Sad Synonym Blitz

by metashades

Words are so stinkin' sad sometimes.
Remove Ads.
Support Sporcle.
Get the best of Sporcle when you Go Orange. This ad-free experience offers more features, more stats, and more fun while also helping to support Sporcle. Thank you for becoming a member.

Show Comments

Extras

Top Quizzes Today


Score Distribution

Your Account Isn't Verified!

In order to create a playlist on Sporcle, you need to verify the email address you used during registration. Go to your Sporcle Settings to finish the process.

Report this User

Report this user for behavior that violates our Community Guidelines.

Details: